|
|
|
|
| LEADER |
00000nab a2200000 a 4500 |
| 001 |
vtls008998344 |
| 003 |
SK-MaSNL |
| 005 |
20260303065841.0 |
| 008 |
070613c20070420xo dr n 000 00slo |
| 015 |
|
|
|a SNBRB2007/06SVKPO
|
| 038 |
|
|
|a SVKPOCL
|
| 040 |
|
|
|a SVKPOCL
|b slo
|c AACR2
|e AACR2
|
| 041 |
|
|
|a slo
|
| 044 |
|
|
|a xo
|c SK
|
| 080 |
|
|
|a 614.253.2
|2 2001
|
| 080 |
|
|
|a 615.478
|2 2001
|
| 100 |
1 |
|
|a Šmihulová, Adriena
|4 aut
|9 838764
|
| 245 |
1 |
0 |
|a Ocenenie poteší
|b v Oáze je kvalita služieb a spokojnosť pacientov na piedestáli
|c Adriena Šmihulová ; foto: Viktor Zamborský
|
| 300 |
|
|
|a Fotogr.
|
| 610 |
2 |
7 |
|a Oáza (neštátne zdravotnícke zariadenie : Prešov, Slovensko)
|2 svkpocl
|9 1066472
|
| 650 |
0 |
7 |
|a kvalita zdravotníckej starostlivosti
|2 svkpocl
|9 698392
|
| 650 |
0 |
7 |
|a spokojnosť pacienta
|2 svkpocl
|9 1066473
|
| 650 |
0 |
7 |
|a ankety
|2 svkpocl
|9 29502
|
| 651 |
|
7 |
|a Prešov (Slovensko)
|2 svkpocl
|9 17347
|
| 700 |
1 |
|
|a Zamborský, Viktor,
|d 1957-
|4 pht
|9 371463
|
| 773 |
0 |
|
|t Prešovský večerník
|g Roč. XVIII, č. 4183 (20.4.2007), s. [12-13]
|x 1336-4030
|
| 852 |
|
|
|a SVKPO
|b KIS3GCP
|
| 856 |
4 |
1 |
|u www.vecernik.po.sk
|
| 958 |
|
|
|a ME
|
| 999 |
|
|
|c 1752985
|d 1754915
|